000 00728nam a22002177a 4500
003 NUST-PNEC
005 20170116180728.0
008 141108b xxu||||| |||| 00| 0 eng d
020 _a9788131700709
040 _cLIBRARY
082 _a621.3819 MAN
100 _9947
_aMano, Morris
245 _aComputer system architecture
_cM. Morris Mano
250 _a3rd ed.
260 _aNew Delhi :
_bPearson Education Ltd.,
_cc.2007
300 _axviii, 525 p. :
_b ill. ;
_c24 cm.
500 _aIncludes Index
650 _98958
_aComputer, MIS
_xMIS
856 _uhttp://www.amazon.com/Computer-System-Architecture-third-price/dp/8178086875/ref=sr_1_1?s=books&ie=UTF8&qid=1415435363&sr=1-1&keywords=8178086875
942 _2ddc
_cBK
999 _c61679
_d61679